Daily U.S. State Riddle #7 - Statistics

General Stats
  • This quiz has been taken 109 times
  • The average score is 32 of 35
Answer Stats
Type Answer % Correct
Alphabet Letter K
99%
Found Letter A
98%
Alphabet Letter L
98%
Found Letter N
98%
Alphabet Letter O
98%
Alphabet Letter R
98%
Alphabet Letter S
98%
Alphabet Letter T
98%
Found Letter I
97%
Alphabet Letter D
95%
Alphabet Letter E
95%
Found Letter M
95%
Found Letter H
94%
Alphabet Letter U
94%
Found Letter C
93%
Alphabet Letter W
93%
Alphabet Letter Y
93%
Correctly Placed Letter A
92%
Alphabet Letter F
92%
Found Letter G
92%
Correctly Placed Letter M
90%
Alphabet Letter B
89%
Correctly Placed Letter I
89%
Alphabet Letter V
89%
Alphabet Letter Z
89%
Correctly Placed Letter I
87%
Alphabet Letter J
87%
Alphabet Letter P
87%
Alphabet Letter X
87%
Correctly Placed Letter C
86%
Correctly Placed Letter G
86%
Correctly Placed Letter H
86%
Mystery U.S. State Michigan
86%
Correctly Placed Letter N
86%
Alphabet Letter Q
86%
No matching quizzes found
Score Distribution
Percent of People with Each Score
Percentile by Number Answered
Your Score History
You have not taken this quiz